Las relaciones entre el cinema y la televisión en España y otros países de Europa / (Record no. 175665)

MARC details
000 -LEADER
campo de control de longitud fija 01197nam a2200265 i 4500
001 - NÚMERO DE CONTROL
campo de control 175665
003 - IDENTIFICADOR DE NÚMERO DE CONTROL
campo de control ES-MaACL
005 - FECHA Y HORA DE LA ÚLTIMA TRANSACCIÓN
campo de control 20230906215904.0
007 - CAMPO FIJO DE DESCRIPCIÓN FÍSICA--INFORMACIÓN GENERAL
campo de control de longitud fija t|
008 - DATOS DE LONGITUD FIJA--INFORMACIÓN GENERAL
campo de control de longitud fija 101116s1994 sp ||||1| spa d
020 ## - NÚMERO INTERNACIONAL ESTÁNDAR DEL LIBRO
Número Internacional Estándar del Libro 84-920152-0-9
080 ## - NÚMERO DE LA CLASIFICACIÓN DECIMAL UNIVERSAL
Número de la Clasificación Decimal Universal 791.41:621.397(4)
100 1# - ENTRADA PRINCIPAL--NOMBRE DE PERSONA
Nombre de persona Cuevas Puente, Antonio.
9 (RLIN) 143946
245 14 - MENCIÓN DEL TÍTULO
Título Las relaciones entre el cinema y la televisión en España y otros países de Europa /
Mención de responsabilidad, etc. Antonio Cuevas Puente ; con la colaboración de Ramiro Gómez B. de Castro e Ignacio Faerna García-Bermejo ; e información de Bertrand E. Bagge ... [et al.].
260 ## - PUBLICACIÓN, DISTRIBUCIÓN, ETC.
Lugar de publicación, distribución, etc. Madrid :
Nombre del editor, distribuidor, etc. Consejería de Educación y Cultura :
-- EGEDA,
Fecha de publicación, distribución, etc. 1994.
300 ## - DESCRIPCIÓN FÍSICA
Extensión 259 p. ;
Dimensiones 28 cm.
504 ## - NOTA DE BIBLIOGRAFÍA, ETC.
Nota de bibliografía, etc. Bibliografía: p. 259.
650 #4 - PUNTO DE ACCESO ADICIONAL DE MATERIA--TÉRMINO DE MATERIA
Término de materia o nombre geográfico como elemento de entrada Cine y televisión-
Subdivisión geográfica Europa.
9 (RLIN) 143951
700 0# - ENTRADA AGREGADA--NOMBRE PERSONAL
Nombre de persona Gómez Bermúndez de Castro, Ramiro.
9 (RLIN) 57839
700 1# - ENTRADA AGREGADA--NOMBRE PERSONAL
Nombre de persona Faerna García-Bermejo, José María.
9 (RLIN) 143947
700 1# - ENTRADA AGREGADA--NOMBRE PERSONAL
Nombre de persona Bagge, Bertrand.
9 (RLIN) 143948
710 0# - ENTRADA AGREGADA--NOMBRE DE ENTIDAD CORPORATIVA
Nombre de entidad corporativa o nombre de jurisdicción como elemento de entrada Madrid (Comunidad Autónoma).
Unidad subordinada Consejería de Educación y Cultura.
9 (RLIN) 5601
710 2# - ENTRADA AGREGADA--NOMBRE DE ENTIDAD CORPORATIVA
Nombre de entidad corporativa o nombre de jurisdicción como elemento de entrada Entidad de Gestión de Derechos de los Productores Audiovisuales (Madrid)
9 (RLIN) 143949
852 ## - LOCALIZACIÓN
Ubicación ES-MaACL
Número de control de estantería E-13537
Nota libre .- Firma autógrafa del autor
Holdings
Estatus retirado Estado de pérdida Estado de daño No para préstamo Biblioteca de origen Biblioteca actual Ubicación en estantería Fecha de adquisición Fuente de adquisición Total de préstamos Signatura topográfica completa Código de barras Visto por última vez Precio de reemplazo Tipo de ítem Koha
        Biblioteca del Ateneo de Madrid Biblioteca del Ateneo de Madrid Depósito 2 16/11/2010     E-13537 1184466 23/02/2023 23/02/2023 Libro impreso